| 000 | 01103nam0a22002531 4500 | ||
|---|---|---|---|
| 001 | rc\12244 | ||
| 005 | 20021204101918.7 | ||
| 010 |
_a5-86911-024-8 _9100 |
||
| 035 | _a(NLR Aleph) 005301037 | ||
| 090 |
_a6289329 _c6289329 |
||
| 100 | _a20021204d1994 u |0rusy50 ca | ||
| 101 | 0 | _arus | |
| 102 | _aRU | ||
| 105 | _ay ||||||||| | ||
| 200 | 1 |
_aВОПРОСЫ обучения иностранным языкам: методика, лингвистика, психология _eТез. докл. _fМежвуз. науч.-метод. конф., 21-22 июня 1994 г. _g[Редкол.: доц. Пешкова Н.П. (отв. ред.) и др.] |
|
| 210 |
_aУфа _cУфим. гос. авиац. техн. ун-т _d1994 |
||
| 215 |
_a67 с. _d20 |
||
| 300 | _aВ надзаг.: Гос. ком. Рос. Федерации по высш. образованию, Уфим. гос. авиац. техн. ун-т | ||
| 702 | 1 |
_aПешкова _bН. П. _gНаталья Петровна _4340 |
|
| 801 | 0 |
_aRU _bNLR _gpsbo |
|
| 801 | 1 |
_aRU _bELAR _2rusmarc |
|
| 852 |
_aNLR _j95-4/6254 |
||
| 942 | _cBOOK | ||
| 980 | _aNB | ||